MARC details
| 000 -CABECERA |
| campo de control de longitud fija |
00903nam a2200241 a 4500 |
| 001 - NÚMERO DE CONTROL |
| campo de control |
000023235 |
| 005 - FECHA Y HORA DE LA ÚLTIMA TRANSACCIÓN |
| campo de control |
20200930022058.0 |
| 008 - DATOS DE LONGITUD FIJA--INFORMACIÓN GENERAL |
| campo de control de longitud fija |
101130s1997 mx ac 000 0 spa d |
| 020 ## - NÚMERO INTERNACIONAL ESTÁNDAR DEL LIBRO |
| Número Internacional Estándar del Libro |
0023997729 |
| 040 ## - FUENTE DE LA CATALOGACIÓN |
| Centro catalogador/agencia de origen |
DO-SdBNP |
| Lengua de catalogación |
spa |
| Centro/agencia transcriptor |
BNPHU |
| 082 ## - NÚMERO DE LA CLASIFICACIÓN DECIMAL DEWEY |
| Número de clasificación |
155 |
| Número de documento/Ítem |
R495d, 1997 |
| 049 ## - FONDOS LOCALES (OCLC) |
| Fondos de biblioteca |
BNGR |
| 100 1# - ENTRADA PRINCIPAL--NOMBRE DE PERSONA |
| Nombre de persona |
Rice, F. Philip |
| 9 (RLIN) |
47851 |
| 240 10 - TÍTULO UNIFORME |
| Título uniforme |
Human development: A life-Span Approach, Second Edition. |
| Lenguaje de la obra |
Español. |
| 245 10 - MENCIÓN DE TÍTULO |
| Título |
Desarrollo humano : |
| Resto del título |
estudio del ciclo vital / |
| Mención de responsabilidad, etc. |
F. Philip Rice ; traducción Elena Ortiz Salinas. |
| 250 ## - MENCIÓN DE EDICIÓN |
| Mención de edición |
2a ed. |
| 260 ## - PUBLICACIÓN, DISTRIBUCIÓN, ETC. |
| Lugar de publicación, distribución, etc. |
México : |
| Nombre del editor, distribuidor, etc. |
Prentice-Hall Hispanoamericana, |
| Fecha de publicación, distribución, etc. |
1997. |
| 300 ## - DESCRIPCIÓN FÍSICA |
| Extensión |
xxvii, 771 p. : |
| Otras características físicas |
il. ; |
| Dimensiones |
27 cm. |
| 534 ## - NOTA SOBRE LA VERSIÓN ORIGINAL |
| Encabezamiento principal del original |
Traducción del inglés de la obra: |
| Mención de título del original |
Human development: A life-Span Approach, Second Edition. |
| 650 #4 - PUNTO DE ACCESO ADICIONAL DE MATERIA--TÉRMINO DE MATERIA |
| Término de materia o nombre geográfico como elemento de entrada |
Psicología evolutiva |
| 9 (RLIN) |
46740 |
| 650 #4 - PUNTO DE ACCESO ADICIONAL DE MATERIA--TÉRMINO DE MATERIA |
| Término de materia o nombre geográfico como elemento de entrada |
Psicobiología evolutiva |
| 9 (RLIN) |
47852 |
| 700 1# - PUNTO DE ACCESO ADICIONAL--NOMBRE DE PERSONA |
| Nombre de persona |
Ortiz Salinas, Elena, |
| Término indicativo de función/relación |
tr. |
| 9 (RLIN) |
47853 |